Ciencia y técnica como ideología

Furkejuvvon:
Bibliográfalaš dieđut
Váldodahkki: Habermas, Jürgen (Dahkki)
Materiálatiipa: Girji
Giella:espánnjágiella
Almmustuhtton: Ciudad de México Red Editorial Iberoamericana 1993
Preanttus:1a. ed
Fáttát:
Fáddágilkorat: Lasit fáddágilkoriid
Eai fáddágilkorat, Lasit vuosttaš fáddágilkora!

MARC

LEADER 00000cam a2200000 a 4500
001 UCC0568
003 CL-VaPUC
008 170818e19930000mx |||||||||||||||||spa|d
020 |a 968456306X 
082 0 4 |a 142.7  |b HAB  |2 21 
100 0 |a Habermas, Jürgen  |e author  |9 334312 
245 1 0 |a Ciencia y técnica como ideología 
250 |a 1a. ed 
300 |a 181 p 
942 |c BK 
945 |d 20170818 15:36:00  |a arojas 
260 |a Ciudad de México  |b Red Editorial Iberoamericana  |c 1993 
650 0 |a Tecnología  |9 256742 
650 0 |a Filosofía de las ciencias  |9 256466 
650 0 |a Crítica e interpretación   |9 255042 
583 |a last modification  |c 20170818 15:36:00  |k Rodrigo Vera 
999 |c 369372  |d 369370 
952 |0 0  |1 0  |3 erb  |4 0  |6 142_700000000000000_HAB_1993  |7 0  |8 A  |9 485136  |a BIBEDU  |b BIBEDU  |i 5415055  |o 142.7 HAB 1993  |p 5415055  |r 2019-11-24  |w 2019-11-24  |y BK  |z Catalogado en:20170818  |k PSI